LEADER 01141nam0 22002771i 450 001 UON00094451 005 20231205102526.125 010 $a39-00-30527-6 100 $a20020107d1998 |0itac50 ba 101 $ager 102 $aAT 105 $a|||| ||||| 200 1 $a100$bEin hundert] Jahre Osterreichisches Archaologisches Institut 1898-1998$fOsterreichisches Archaologisches Institut 210 $aWien$cOsterreichisches Archaologisches Institut$d1998 215 $a217 p.$d29 cm 316 $aARCH. INST. WIEN$5IT-UONSI N 1EPHES.SMARRITO 620 $aAT$dWien$3UONL003140 686 $aX3$cMISCELLANEE AUTORI VARI$2A 712 02$aOsterreichisches Archäologisches Institut Wien$3UONV056100 712 $aOsterreichisches Archaologisches Instut$3UONV259658$4650 801 $aIT$bSOL$c20250314$gRICA 899 $aSIBA - SISTEMA BIBLIOTECARIO DI ATENEO$2UONSI 912 $aUON00094451 950 $aSIBA - SISTEMA BIBLIOTECARIO DI ATENEO$dSI N 1 EPHES. SMARRITO $eSI MC 21920 7 ARCH. INST. WIEN$sSmarrito 996 $a100$91302707 997 $aUNIOR LEADER 01220nam0 22002891i 450 001 UON00413543 005 20231205104750.944 010 $a88-491-1618-7 100 $a20121120d2000 |0itac50 ba 101 $aita 102 $aIT 105 $a|||| ||||| 200 1 $aStudenti e dottori nelle università italiane$eorigini-20. secolo$eatti del Convegno di studi, Bologna, 25-27 novembre 1999$fa cura di Gian Paolo Brizzi e Andrea Romano 210 $aBologna$cCLUEB$d2000 215 $a XI, 401 p.$cill.$d27 cm. 606 $aUniversità$xItalia$xSec. 12.-20.$xCongressi$3UONC082794$2FI 620 $aIT$dBologna$3UONL000085 676 $a378.45$cEducazione e istituti superiori. Italia$v21 702 1$aBrizzi$bGian Paolo$3UONV056863 702 1$aRomano$bAndrea$3UONV122794 712 $aCLUEB$3UONV246256$4650 801 $aIT$bSOL$c20250606$gRICA 899 $aSIBA - SISTEMA BIBLIOTECARIO DI ATENEO$2UONSI 912 $aUON00413543 950 $aSIBA - SISTEMA BIBLIOTECARIO DI ATENEO$dSI FS 2.0 0088 $eSI FP 18356 5 0088 996 $aStudenti e dottori nelle università italiane$9157526 997 $aUNIOR